[Event "Uragano"]
[Site "http://www.queenalice.com/game.php?id=383638"]
[Date "2008.4.7"]
[Round "3"]
[White "TheAlchemist"]
[Black "Lobi"]
[Result "0-1"]
[WhiteElo "2136"]
[BlackElo "2136"]

1. e4 c5 2. Nf3 d6 3. d4 cxd4 4. Nxd4 Nf6 5. Nc3 a6 6. Bg5 e6 7. f4 Qb6 8. Qd2
Qxb2 9. Rb1 Qa3 10. e5 dxe5 11. fxe5 Nfd7 12. Be2 Qa5 13. O-O Bc5 14. Kh1 Bxd4
15. Qxd4 Nc6 16. Qf4 O-O 17. Bf6 Ndxe5 18. Ne4 Ng6 19. Qf3 Qxa2 20. Rb3 Qa5 21.
Bc3 Qd5 22. Qf6 Nce5 0-1

[Event "2^ECCUP R1"]
[Site "http://www.queenalice.com/game.php?id=387324"]
[Date "2008.4.14"]
[Round "-"]
[White "mad_knight"]
[Black "Lobi"]
[Result "0-1"]
[WhiteElo "2046"]
[BlackElo "2135"]

1. e4 c5 2. Nf3 d6 3. d4 cxd4 4. Nxd4 Nf6 5. Nc3 a6 6. Be3 e5 7. Nf3 Be7 8. Bc4
O-O 9. Qe2 Be6 10. O-O b5 11. Bb3 h6 12. Rfd1 Nbd7 13. a3 Qe8 14. Ne1 Rc8 15. f3
Bxb3 16. cxb3 Nc5 17. b4 Ne6 18. a4 bxa4 19. Nxa4 Qb5 20. Qxb5 axb5 21. Nc3 Rc4
22. Nxb5 Rxb4 23. Nxd6 Bxd6 24. Rxd6 Rxb2 25. Bc1 Rb5 26. Nd3 Rfb8 27. Bb2 Rxb2
28. Nxb2 Rxb2 29. g3 Nd4 30. Rf1 Nh5 0-1

[Event "2^ECCUP R2 "]
[Site "http://www.queenalice.com/game.php?id=414674"]
[Date "2008.6.7"]
[Round "-"]
[White "Lobi"]
[Black "HelderNanques"]
[Result "1-0"]
[WhiteElo "2144"]
[BlackElo "2056"]

1. e4 d5 2. exd5 Qxd5 3. Nc3 Qa5 4. d4 Nf6 5. Nf3 c6 6. Bc4 Bf5 7. Bd2 e6 8. Nd5
Qd8 9. Nxf6+ Qxf6 10. Qe2 Nd7 11. O-O-O h6 12. d5 cxd5 13. Bxd5 Ba3 14. c3 Be7
15. Bxb7 Rb8 16. Bc6 e5 17. Qxe5 Qxc6 18. Qxf5 Qb6 19. Qxd7+ Kxd7 20. Be3+ Qd6
21. Bf4 Qxd1+ 22. Rxd1+ Kc6 23. Bxb8 Rxb8 24. Ne5+ Kb5 25. Rd5+ Kb6 26. Nxf7 Rf8
27. Rf5 Bf6 28. Nd6 Kc6 29. Nb5 Bg5+ 30. Kc2 Re8 31. Nd4+ Kb6 32. a4 Re7 33. a5+
Kb7 34. b4 g6 35. Rf8 Re1 36. Rf7+ Kc8 37. Rxa7 Rc1+ 38. Kd3 Rf1 39. Rf7 1-0

[Event "Uragano"]
[Site "http://www.queenalice.com/game.php?id=438761"]
[Date "2008.7.25"]
[Round "4"]
[White "Skovtrolden"]
[Black "Lobi"]
[Result "1/2-1/2"]
[WhiteElo "2153"]
[BlackElo "2153"]

1. e4 c5 2. Nc3 Nc6 3. g3 g6 4. Bg2 Bg7 5. d3 d6 6. Be3 e6 7. Qd2 Rb8 8. Nge2
Nd4 9. O-O Ne7 10. Nd1 O-O 11. c3 Nxe2+ 12. Qxe2 b5 13. f4 b4 14. g4 f5 15. exf5
exf5 16. g5 bxc3 17. Nxc3 Re8 18. Rfe1 Bb7 19. Bxb7 Rxb7 20. Bf2 Qb8 21. Rab1
Kf7 22. d4 cxd4 23. Qc4+ Kf8 24. Bxd4 Rb4 25. Bxg7+ Kxg7 26. Qe6 Qb6+ 27. Kh1
Qc6+ 28. Kg1 1/2-1/2

[Event "3º ECCUP R1"]
[Site "http://www.queenalice.com/game.php?id=487297"]
[Date "2008.11.3"]
[Round "-"]
[White "Enrico"]
[Black "Lobi"]
[Result "0-1"]
[WhiteElo "1842"]
[BlackElo "2148"]

1. e4 c5 2. Nc3 Nc6 3. Bb5 Nd4 4. Bc4 e6 5. d3 a6 6. a3 b5 7. Ba2 Bb7 8. Nce2
Nxe2 9. Nxe2 g6 10. Bf4 Bg7 11. c3 d6 12. f3 Nf6 13. O-O O-O 14. Ng3 d5 15. exd5
Nxd5 16. Bxd5 Bxd5 17. Re1 Qb6 18. Be3 Qc7 19. Qd2 Rfd8 20. Qf2 Rac8 21. Ne4
Bxe4 22. dxe4 Rd6 23. Bf4 e5 24. Bg3 Rcd8 25. f4 Rd2 26. Qf1 Rxb2 27. fxe5 Bxe5
28. Bxe5 Qxe5 29. g3 Rdd2 30. Rad1 Qxc3 31. Rxd2 Qxd2 32. Re2 Qxe2 33. Qxe2 Rxe2
34. Kf1 Rxe4 35. Kf2 c4 0-1

[Event "2º ECCUP R3"]
[Site "http://www.queenalice.com/game.php?id=489240"]
[Date "2008.11.7"]
[Round "-"]
[White "petri"]
[Black "Lobi"]
[Result "1/2-1/2"]
[WhiteElo "2142"]
[BlackElo "2157"]

1. d4 Nf6 2. c4 g6 3. Nf3 Bg7 4. g3 O-O 5. Bg2 d6 6. O-O Nbd7 7. Nc3 e5 8. e4 c6
9. h3 Qb6 10. Re1 exd4 11. Nxd4 Ne8 12. Nb3 a5 13. Be3 Qb4 14. a3 Qxc4 15. Nd4
f6 16. Bf1 Qf7 17. b3 Nc5 18. Bc4 Ne6 19. Rc1 N8c7 20. h4 Rd8 21. Na4 d5 22.
exd5 cxd5 23. Be2 Bf8 24. Nb6 Rb8 25. Nxc8 Rbxc8 26. Nxe6 Qxe6 27. Bg4 f5 28.
Bg5 Qf7 29. Bxd8 Rxd8 30. Bf3 Bxa3 31. Rxc7 Qxc7 32. Bxd5+ Kg7 33. Qd4+ Kh6 34.
g4 fxg4 35. Qe3+ Kg7 36. Qd4+ Kh6 1/2-1/2

[Event "Uragano"]
[Site "http://www.queenalice.com/game.php?id=494616"]
[Date "2008.11.17"]
[Round "5"]
[White "Lobi"]
[Black "tolley"]
[Result "1-0"]
[WhiteElo "2151"]
[BlackElo "1945"]

1. e4 d5 2. exd5 Qxd5 3. Nc3 Qa5 4. d4 Nf6 5. Nf3 Bg4 6. h3 Bxf3 7. Qxf3 c6 8.
Bd2 Nbd7 9. O-O-O e6 10. Bc4 Qb6 11. Be3 Qa5 12. Bd2 Qb6 13. Bf4 Be7 14. Rhe1
Qb4 15. Bb3 O-O 16. g4 Nd5 17. a3 Qa5 18. Nxd5 cxd5 19. Bxd5 Qxd5 20. Qxd5 exd5
21. Rxe7 Nf6 22. Rxb7 Rfe8 23. f3 h6 24. Kd2 a5 25. Re1 Rxe1 26. Kxe1 a4 27.
Rb8+ Rxb8 28. Bxb8 Nd7 29. Bc7 Nf8 30. Bf4 Ne6 31. Be3 Kh7 32. b3 axb3 33. cxb3
1-0

[Event "3º ECCUP R2º"]
[Site "http://www.queenalice.com/game.php?id=525879"]
[Date "2009.1.20"]
[Round "-"]
[White "Lobi"]
[Black "petri"]
[Result "1/2-1/2"]
[WhiteElo "2157"]
[BlackElo "2163"]

1. e4 c5 2. Nf3 e6 3. d4 cxd4 4. Nxd4 a6 5. Bd3 Nf6 6. O-O e5 7. Nf3 Nc6 8. Bg5
Bc5 9. Nc3 h6 10. Bxf6 Qxf6 11. Nd5 Qd8 12. c3 O-O 13. b4 Ba7 14. a4 d6 15. Bc4
Ne7 16. Qd3 Bg4 17. h3 Bh5 18. Rfd1 Rc8 19. Ba2 Nxd5 20. Bxd5 Rc7 21. c4 Qf6 22.
Ra3 Bg6 23. a5 Qf4 24. Qd2 Re8 25. Qxf4 exf4 26. Re1 Rce7 27. Ra2 Bh7 28. h4 Bg6
29. Rae2 1/2-1/2

[Event "2º ECCUP Rº4"]
[Site "http://www.queenalice.com/game.php?id=545021"]
[Date "2009.2.23"]
[Round "-"]
[White "Lobi"]
[Black "Alain91"]
[Result "1/2-1/2"]
[WhiteElo "2157"]
[BlackElo "2116"]

1. e4 e5 2. Nf3 Nc6 3. Bb5 Nd4 4. Nxd4 exd4 5. O-O Bd6 6. d3 c6 7. Bc4 Ne7 8.
Qh5 Ng6 9. f4 O-O 10. f5 Ne5 11. f6 gxf6 12. Bh6 Re8 13. Rf4 Ng6 14. Rg4 Bxh2+
15. Kxh2 d5 16. exd5 Bxg4 17. Qxg4 Qd6+ 18. Qg3 Re5 19. Kg1 cxd5 20. Bb3 Qe7 21.
Na3 a5 22. Qf3 f5 23. Rf1 Kh8 24. g3 f4 25. Qf2 1/2-1/2

[Event "4^European Cup"]
[Site "http://www.queenalice.com/game.php?id=588621"]
[Date "2009.5.15"]
[Round "1"]
[White "Lobi"]
[Black "guzanito"]
[Result "1-0"]
[WhiteElo "2156"]
[BlackElo "2185"]

1. e4 e5 2. Nf3 Nc6 3. Bb5 Nd4 4. Nxd4 exd4 5. O-O Bc5 6. d3 Ne7 7. Qh5 Bb6 8.
Bg5 O-O 9. Nd2 f6 10. Bh4 d5 11. exd5 Kh8 12. Bc4 Nf5 13. Bg3 Nxg3 14. fxg3 Qe8
15. Qh4 Qe3+ 16. Rf2 Bd7 17. Rf1 Ba5 18. Nf3 g5 19. Qh5 Rae8 20. Kh1 Kg7 21. d6
h6 22. dxc7 Bxc7 23. Ng1 Qe5 24. Re2 Qc5 25. Rxe8 Bxe8 26. Qf3 Bc6 27. Qf2 b5
28. Bb3 a5 29. c4 b4 30. Bd1 f5 31. Nf3 Bb6 32. Nd2 Qd6 33. Bf3 1-0

[Event "4^European Cup"]
[Site "http://www.queenalice.com/game.php?id=655078"]
[Date "2009.9.19"]
[Round "2"]
[White "modestyblase"]
[Black "Lobi"]
[Result "1-0"]
[WhiteElo "2326"]
[BlackElo "2169"]

1. d4 Nf6 2. c4 g6 3. Nc3 Bg7 4. e4 d6 5. f4 O-O 6. Be3 Ng4 7. Qd2 Nxe3 8. Qxe3
Nc6 9. O-O-O Nb4 10. a3 Na6 11. Nf3 c5 12. d5 Nc7 13. h4 Bg4 14. Be2 a6 15. e5
b5 16. Ng5 Bxe2 17. Qxe2 b4 18. axb4 cxb4 19. Nce4 h6 20. Nf3 Rc8 21. Kb1 h5 22.
Rhe1 Qd7 23. Nd4 a5 24. Ng5 dxe5 25. fxe5 f6 26. exf6 exf6 27. Nge6 Rfe8 28. Qd3
f5 29. Nxg7 Kxg7 30. Nf3 Rxe1 31. Rxe1 Qd6 32. Qd4+ Kg8 33. Re5 Rd8 34. c5 Qf8
35. d6 Rd7 36. Qc4+ 1-0

[Event "4^European Cup"]
[Site "http://www.queenalice.com/game.php?id=753601"]
[Date "2010.3.29"]
[Round "3"]
[White "Lobi"]
[Black "lalves"]
[Result "1-0"]
[WhiteElo "2162"]
[BlackElo "2115"]

1. e4 c5 2. Nc3 Nc6 3. g3 Nf6 4. Bg2 d6 5. h3 g6 6. d3 Bg7 7. f4 O-O 8. Nf3 Rb8
9. O-O Nh5 10. Qe1 Nd4 11. Nxd4 cxd4 12. Ne2 e5 13. f5 h6 14. g4 Nf6 15. g5 hxg5
16. Bxg5 Qb6 17. fxg6 fxg6 18. Rb1 Be6 19. b3 Rbc8 20. Qh4 Rxc2 21. Bxf6 Rxe2
22. Bxg7 Kxg7 23. Rxf8 Kxf8 24. Qf6+ Bf7 25. Rc1 Ke8 26. Bf3 Re3 27. Rc8+ 1-0

[Event "4^European Cup"]
[Site "http://www.queenalice.com/game.php?id=792081"]
[Date "2010.6.18"]
[Round "4"]
[White "Alain91"]
[Black "Lobi"]
[Result "0-1"]
[WhiteElo "2128"]
[BlackElo "2173"]

1. e4 c5 2. f4 d5 3. exd5 Nf6 4. Bb5+ Bd7 5. Bxd7+ Qxd7 6. c4 e6 7. Qe2 Bd6 8.
d3 O-O 9. dxe6 fxe6 10. Qf3 Nc6 11. Ne2 e5 12. Nbc3 exf4 13. Bxf4 Bxf4 14. Nxf4
Nd4 15. Qf2 Rae8+ 0-1

[Event "AUTO-MASTER-1249"]
[Site "http://www.queenalice.com/game.php?id=848272"]
[Date "2010.10.20"]
[Round "1"]
[White "Lobi"]
[Black "ylisavbots"]
[Result "1-0"]
[WhiteElo "2207"]
[BlackElo "2261"]

1. e4 e5 2. Nf3 Nc6 3. Bc4 h6 4. c3 Qf6 5. d3 Nge7 6. Be3 Na5 7. Bb5 a6 8. Ba4
b5 9. Bc2 d6 10. h3 c5 11. Nbd2 Ng6 12. g3 Qd8 13. d4 cxd4 14. cxd4 Bb7 15. d5
Rc8 16. Rc1 Nc4 17. Nxc4 Rxc4 18. Bd3 Rxc1 19. Qxc1 Qd7 20. h4 Be7 21. Bf1 Bd8
22. Bh3 Ba5+ 23. Bd2 Bxd2+ 24. Nxd2 Qd8 25. O-O O-O 26. Qc3 Bc8 27. Bxc8 Qxc8
28. Rc1 Qh3 29. Qa3 f5 30. Qxd6 Rf6 31. Qd8+ Rf8 32. Qd7 Rf6 33. Rc7 Ne7 34.
Qxe7 Rg6 35. Qf7+ Kh7 36. Qxf5 Qg4 37. Qxg4 Rxg4 38. h5 Kh8 39. d6 Rg5 40. d7
1-0

[Event "AUTO-MASTER-1249"]
[Site "http://www.queenalice.com/game.php?id=848273"]
[Date "2010.10.20"]
[Round "1"]
[White "ylisavbots"]
[Black "Lobi"]
[Result "1/2-1/2"]
[WhiteElo "2280"]
[BlackElo "2205"]

1. e4 c5 2. Nf3 d6 3. d4 cxd4 4. Nxd4 Nf6 5. Nc3 g6 6. Be2 Bg7 7. O-O O-O 8. Bg5
Nc6 9. Nb3 Be6 10. Kh1 Na5 11. Nd4 Bc4 12. Re1 Bxe2 13. Qxe2 Rc8 14. Rad1 Nc4
15. Bc1 Qa5 16. Nb3 Qb6 17. g4 e6 18. Rd3 Ne5 19. Rg3 Nexg4 20. Rf1 Ne5 21. Be3
Qc6 22. Nd4 Qc4 23. f3 Qxe2 24. Ndxe2 a6 25. Rg2 Nc4 26. Bc1 b5 27. Nd1 d5 28.
b3 Nb6 29. exd5 Nfxd5 30. Nf4 Nxf4 31. Bxf4 Nd5 32. Bg5 h6 33. Bc1 Rfd8 34. a3
a5 35. f4 b4 36. axb4 axb4 37. Re2 Ra8 38. Nb2 Rdc8 39. Nc4 Ra1 40. Ref2 Rca8
41. Kg2 Bd4 42. Rd2 Bc3 43. Rdf2 Bd4 44. Rd2 Bc3 1/2-1/2

[Event "AUTO-MASTER-1249"]
[Site "http://www.queenalice.com/game.php?id=848274"]
[Date "2010.10.20"]
[Round "1"]
[White "Lobi"]
[Black "Elficolorean"]
[Result "1-0"]
[WhiteElo "2204"]
[BlackElo "1853"]

1. e4 c5 2. Nc3 a6 3. g3 b5 4. Bg2 Bb7 5. d3 e6 6. f4 d5 7. e5 Nc6 8. Nf3 c4 9.
d4 Qa5 10. Bd2 b4 11. Ne2 Qb6 12. O-O Nge7 13. g4 h5 14. h3 Nc8 15. c3 a5 16.
Ng3 g6 17. f5 Bg7 18. fxe6 fxe6 19. Qc2 N8e7 20. Bg5 O-O-O 21. Bxe7 Nxe7 22. g5
Nc6 23. Qxg6 Rdg8 24. Qxe6+ Kb8 25. Nxh5 Re8 26. Qd6+ 1-0

[Event "AUTO-MASTER-1249"]
[Site "http://www.queenalice.com/game.php?id=848275"]
[Date "2010.10.20"]
[Round "1"]
[White "Elficolorean"]
[Black "Lobi"]
[Result "0-1"]
[WhiteElo "1912"]
[BlackElo "2201"]

1. d4 Nf6 2. Bg5 g6 3. Bxf6 exf6 4. Nf3 Bg7 5. e3 f5 6. Bc4 O-O 7. h4 d5 8. Bb3
h5 9. Nc3 c6 10. Qe2 Re8 11. O-O-O b5 12. Ne1 a5 13. a3 b4 14. Na4 bxa3 15. bxa3
Ba6 16. Qd2 Nd7 17. Nd3 Bxd3 18. Qxd3 Bf8 19. Kd2 Bxa3 20. Bxd5 cxd5 21. Qxa3
Nf6 22. f3 Qc7 23. Nc5 Qg3 24. Rdg1 Qf2+ 25. Kc1 Rxe3 26. Rf1 Rxa3 27. Rxf2 Ra1+
0-1

[Event "AUTO-MASTER-1249"]
[Site "http://www.queenalice.com/game.php?id=848276"]
[Date "2010.10.20"]
[Round "1"]
[White "Lobi"]
[Black "tariann"]
[Result "1-0"]
[WhiteElo "2184"]
[BlackElo "2080"]

1. e4 e6 2. Nc3 d5 3. Nf3 Nf6 4. e5 Nfd7 5. d4 Bb4 6. a3 Be7 7. Bd3 O-O 8. Bf4
f6 9. exf6 Nxf6 10. Qe2 c5 11. dxc5 Bxc5 12. O-O Nc6 13. Rae1 Nh5 14. Bg5 Qc7
15. b4 Be7 16. Nxd5 exd5 17. Bxe7 Nf4 18. Qe3 d4 19. Nxd4 Nxd3 20. Bxf8 Nxe1 21.
Bc5 1-0

[Event "AUTO-MASTER-1249"]
[Site "http://www.queenalice.com/game.php?id=848277"]
[Date "2010.10.20"]
[Round "1"]
[White "tariann"]
[Black "Lobi"]
[Result "0-1"]
[WhiteElo "2055"]
[BlackElo "2193"]

1. e4 c5 2. Nf3 d6 3. d4 cxd4 4. Nxd4 Nf6 5. Nc3 g6 6. Be2 Bg7 7. O-O O-O 8. Be3
a6 9. Qd2 Nc6 10. Rad1 Qc7 11. f4 b5 12. Nd5 Nxd5 13. exd5 Nxd4 14. Bxd4 Bxd4+
15. Qxd4 Qxc2 16. Bd3 Qc5 17. Qxc5 dxc5 18. Be4 Bb7 19. f5 Rfd8 20. fxg6 hxg6
21. Rd3 Rd6 22. b3 Rad8 23. Rdf3 f5 24. Bxf5 gxf5 25. Rxf5 Rxd5 26. Rf7 Rg5 27.
g3 Re5 0-1

[Event "AUTO-MASTER-1249"]
[Site "http://www.queenalice.com/game.php?id=905952"]
[Date "2011.2.26"]
[Round "2"]
[White "deltaboy"]
[Black "Lobi"]
[Result "0-1"]
[WhiteElo "2400"]
[BlackElo "2256"]

1. e4 c5 2. Nf3 d6 3. d4 cxd4 4. Nxd4 Nf6 5. Nc3 g6 6. g3 Nc6 7. Bg2 Nxd4 8.
Qxd4 Bg7 9. Qa4+ Bd7 10. Qb3 O-O 11. Qxb7 Qa5 12. Qb3 Nxe4 13. Bxe4 Be6 14. Qb7
Bxc3+ 15. bxc3 Rab8 16. O-O Rxb7 17. Bxb7 Bc4 18. Re1 Qxc3 19. Bh6 Rb8 20. Be4
d5 21. Rab1 Rxb1 22. Rxb1 f6 23. Bd3 Kf7 24. Rd1 Bxd3 25. Rxd3 Qxc2 26. Rd2 Qb1+
27. Kg2 g5 28. h4 gxh4 29. g4 Qg6 30. Be3 Qe4+ 31. Kh2 Qf3 32. Kg1 h3 0-1

[Event "AUTO-MASTER-1249"]
[Site "http://www.queenalice.com/game.php?id=905953"]
[Date "2011.2.26"]
[Round "2"]
[White "Lobi"]
[Black "deltaboy"]
[Result "1-0"]
[WhiteElo "2233"]
[BlackElo "2251"]

1. e4 d5 2. exd5 Qxd5 3. Nc3 Qd8 4. d4 Nf6 5. Nf3 Bg4 6. h3 Bh5 7. g4 Bg6 8. Ne5
Be4 9. Nxe4 Nxe4 10. Bg2 Nd6 11. c4 f6 12. Nd3 Nc6 13. Nc5 Na5 14. Qa4+ c6 15.
Bd2 Ndxc4 16. Nxb7 Qxd4 17. Bxa5 Qe5+ 18. Kf1 Nxa5 19. Nxa5 Rc8 20. Nxc6 Rxc6
21. Bxc6+ Kf7 22. Be8+ Kg8 23. Qb3+ e6 24. Qb7 Be7 25. Qxe7 h5 26. Bg6 1-0

[Event "AUTO-MASTER-1249"]
[Site "http://www.queenalice.com/game.php?id=905958"]
[Date "2011.2.26"]
[Round "2"]
[White "Lobi"]
[Black "lelinho"]
[Result "1-0"]
[WhiteElo "2246"]
[BlackElo "2194"]

1. e4 c5 2. Nc3 e6 3. g3 Nc6 4. Bg2 Nf6 5. d3 Be7 6. f4 d6 7. Nf3 a6 8. O-O b5
9. h3 Bb7 10. Be3 O-O 11. g4 d5 12. g5 Nh5 13. exd5 exd5 14. Nxd5 Qxd5 15. Ne5
Qe6 16. Qxh5 Nxe5 17. Bxb7 Rab8 18. Be4 g6 19. Qh4 f5 20. gxf6 Rxf6 21. Qg3 Nf7
22. f5 Qd6 23. Bf4 Qd4+ 24. Kh1 Bd6 25. fxg6 hxg6 26. c3 Rxf4 27. Qxf4 Bxf4 28.
cxd4 g5 29. dxc5 Ne5 30. Rad1 a5 31. b3 Be3 32. d4 Nf7 33. Bd5 Rf8 34. Rxf7 Rxf7
35. c6 Kf8 36. Bxf7 Kxf7 37. c7 1-0

[Event "AUTO-MASTER-1249"]
[Site "http://www.queenalice.com/game.php?id=905959"]
[Date "2011.2.26"]
[Round "2"]
[White "lelinho"]
[Black "Lobi"]
[Result "0-1"]
[WhiteElo "2210"]
[BlackElo "2221"]

1. d4 Nf6 2. c4 g6 3. Nc3 Bg7 4. e4 d6 5. Nf3 O-O 6. h3 e5 7. d5 a5 8. Be3 Na6
9. a3 Nc5 10. Qc2 Bd7 11. Be2 Nh5 12. g3 f5 13. Bxc5 dxc5 14. Nd2 Nf6 15. exf5
Bxf5 16. Bd3 e4 17. Ncxe4 Nxe4 18. Nxe4 c6 19. O-O-O cxd5 20. Nxc5 Rc8 21. Bxf5
Rxf5 22. g4 Rf4 23. Rxd5 Qe7 24. b4 b6 25. Rd7 Qf6 26. Ne4 Qa1+ 27. Qb1 Qxa3+
0-1

[Event "AUTO-MASTER-1249"]
[Site "http://www.queenalice.com/game.php?id=967881"]
[Date "2011.8.2"]
[Round "3"]
[White "Lobi"]
[Black "kudabux"]
[Result "0-1"]
[WhiteElo "2258"]
[BlackElo "2203"]

1. e4 c6 2. Nc3 g6 3. d4 Bg7 4. Be3 d6 5. Qd2 Nd7 6. O-O-O Qa5 7. Kb1 Qc7 8. h4
h5 9. Nf3 Ngf6 10. e5 dxe5 0-1

[Event "AUTO-MASTER-1249"]
[Site "http://www.queenalice.com/game.php?id=967882"]
[Date "2011.8.2"]
[Round "3"]
[White "kudabux"]
[Black "Lobi"]
[Result "1-0"]
[WhiteElo "2189"]
[BlackElo "2272"]

1. d4 Nf6 2. c4 g6 3. Nc3 Bg7 4. e4 d6 5. Nf3 O-O 6. Be2 e5 7. O-O Nc6 8. Be3
Ng4 9. Bg5 f6 10. Bc1 f5 11. Bg5 1-0